| 000 | 00792cam a22002531 4500 | ||
|---|---|---|---|
| 001 | ne 64002493 | ||
| 003 | DLC | ||
| 005 | 20260227111805.0 | ||
| 008 | 900620s1964 le b 000 0 arar | ||
| 010 | _ane 64002493 | ||
| 025 | _aPL480:UAR-4413 | ||
| 035 | _a(OCoLC)21891280 | ||
| 040 |
_aDLC _cWaU _dDLC |
||
| 042 | _apremarc | ||
| 043 | _ama----- | ||
| 050 | 0 | 0 |
_aPJ7577.5 _b.N8 |
| 100 | 1 | _aNuṣṣ, Iḥsān. | |
| 245 | 1 | 3 |
_aal-Khaṭābah al-ʻArabīyah fī ʻaṣrihā al-dhahabī, _ctaʼlīf Ih̄sān al-Nuṣṣ. |
| 260 |
_a[al-Qāhirah] _bDār al-Maʻārif _c1963 [i. e. 1964] |
||
| 300 |
_a410 p. _c24 cm. |
||
| 440 | 0 |
_aMaktabat al-dirāsāt al-adabīyah, _v30 |
|
| 504 | _aBibliography: p. 401-406. | ||
| 650 | 0 |
_aSpeeches, addresses, etc., Arabic _xHistory and criticism. |
|
| 999 |
_c47446 _d47446 |
||